[Event "WJCC U20 Open 2019"]
[Site "New Delhi"]
[Date "2019.10.24"]
[Round "10.32"]
[White "Li, William"]
[Black "Sammed Jaykumar, Shete"]
[Result "0-1"]
[WhiteElo "2161"]
[BlackElo "2392"]
[Annotator "TA"]
[PlyCount "60"]
[EventDate "2019.10.15"]
[EventType "swiss"]
[EventCountry "IND"]
[SourceTitle "playchess.com"]
[Source "ChessBase"]
[SourceQuality "1"]

{[%evp 20,68,37,43,59,27,16,0,10,5,6,14,35,-7,-4,-15,69,59,39,0,33,39,44,56,46,57,94,-220,-228,-229,-228,-277,-275,-404,-393,-381,-377,-359,-61,-62,-62,-41,-23,-457,-466,-3718,-789,-738,-675,-5135,-4794]} 1. d4 Nf6 2. c4 g6 3. Nc3 Bg7 4. e4 d6 5. f3 O-O 6. Nge2 c5 7. d5 e6 8. Ng3 exd5 9. cxd5 Nbd7 10. Be2 a6 11. a4 Rb8 {A65: Modern Benoni: 6 e4} 12. O-O Ne8 13. f4 Nc7 {The position is equal.} 14. e5 dxe5 15. f5 {[#]} Ne8 $146 ({Predecessor:} 15... b5 16. d6 Ne8 17. axb5 axb5 18. Nce4 c4 19. Bg5 {½-½ (28) Aronian,L (2780)-Nepomniachtchi,I (2767) Wijk aan Zee 2017}) 16. Nge4 gxf5 17. Rxf5 b5 (17... c4 $11) 18. axb5 $14 axb5 19. Bxb5 {And now Qf3 would win.} (19. Bg5 {is more complex.} Qb6 20. Be3 Qd8 21. d6 Ndf6 22. Rf2) 19... Ndf6 (19... c4 $5) 20. Nxf6+ ({Wrong is} 20. Rxe5 $2 Nxe4 21. Rxe4 Nd6 $19) 20... Nxf6 21. Rxe5 Rxb5 22. Nxb5 {Hoping for Nc3.} Qb6 23. Na3 $2 {[%mdl 8192]} (23. Na7 $1 $16 {[%cal Ra7c8]} Bb7 24. Nc6) 23... Ng4 $1 $19 {[%mdl 64] Discovered Attack} 24. Nc4 {[#]} Qb8 $1 25. Rh5 {Black must now prevent g3.} Bd4+ 26. Kf1 (26. Ne3 $142 Nxe3 27. Bxe3 Bxe3+ 28. Kh1 Qxb2 29. h3) 26... Nxh2+ 27. Rxh2 Qxh2 28. Be3 Bg7 $2 ({Black should try} 28... Bxe3 $19 29. Nxe3 Re8) 29. Rc1 Re8 30. Qf3 $1 Bb7 {Played: Bc8-a6} 0-1

[Event "WJCC U20 Open 2019"]
[Site "New Delhi"]
[Date "2019.10.24"]
[Round "10.33"]
[White "Licheli, Luka"]
[Black "Anuj Shrivatri"]
[Result "1/2-1/2"]
[WhiteElo "2010"]
[BlackElo "2390"]
[Annotator "NA RC"]
[PlyCount "65"]
[EventDate "2019.10.15"]
[EventType "swiss"]
[EventCountry "IND"]
[SourceTitle "playchess.com"]
[Source "ChessBase"]
[SourceQuality "1"]
[TimeControl "40/5400+30:1800+30"]

1. e4 {[%emt 0:00:00]} e5 {[%emt 0:00:00]} 2. Nc3 {[%emt 0:00:00]} Nf6 {[%emt 0:00:00]} 3. g3 {[%emt 0:00:00]} d5 {[%emt 0:00:00]} 4. exd5 {[%emt 0:00:00]} Nxd5 {[%emt 0:00:00]} 5. Bg2 {[%emt 0:00:00]} Nxc3 {[%emt 0:00:00]} 6. bxc3 {[%emt 0:00:00]} Bc5 {[%emt 0:00:03]} 7. d3 {[%emt 0:05:53]} O-O {[%emt 0:00:24]} 8. Qe2 {[%emt 0:02:06]} Nc6 {[%emt 0:00:27]} 9. Nf3 {[%emt 0:00:06]} Qf6 {[%emt 0:01:17]} 10. O-O {[%emt 0:10:01]} Bb6 {[%emt 0:05:19]} 11. Nd2 {[%emt 0:04:27]} Be6 {[%emt 0:03:49]} 12. Ba3 {[%emt 0:05:30]} Rfd8 {[%emt 0:07:00]} 13. Ne4 {[%emt 0:01:06]} Qg6 {[%emt 0:01:14]} 14. Kh1 {[%emt 0:08:47]} f5 {[%emt 0:10:07]} 15. Nd2 $11 {[%emt 0:13:39]} Bd5 {[%emt 0:07:09]} 16. f4 {[%emt 0:05:50]} Bxg2+ {[%emt 0:07:30]} 17. Qxg2 {[%emt 0:03:54]} exf4 {[%emt 0:06:28]} 18. Rxf4 {[%emt 0:02:46]} Be3 {[%emt 0:04:33]} 19. Rff1 {[%emt 0:01:34]} Bxd2 {[%emt 0:01:54]} 20. Qxd2 {[%emt 0:00:02]} Re8 {[%emt 0:13:38]} 21. Rae1 {[%emt 0:04:55]} Qf7 {[%emt 0:03:02]} 22. c4 {[%emt 0:00:49]} Qf6 {[%emt 0:07:05]} 23. Qf2 {[%emt 0:08:53]} Rxe1 {[%emt 0:07:26]} 24. Rxe1 {[%emt 0:00:39]} Qc3 {[%emt 0:02:34]} 25. Bc5 {[%emt 0:05:48]} b6 {[%emt 0:03:09]} 26. Re6 {[%emt 0:03:53]} bxc5 {[%emt 0:01:13]} 27. Rxc6 {[%emt 0:00:42]} Rb8 {[%emt 0:02:17]} 28. Rxc7 {[%emt 0:04:15]} f4 {[%emt 0:01:55]} 29. Qe2 {[%emt 0:06:03]} Qf6 {[%emt 0:03:12]} 30. gxf4 {[%emt 0:02:09]} Rb1+ {[%emt 0:00:59]} 31. Kg2 {[%emt 0:00:13]} Qg6+ {[%emt 0:00:05]} 32. Kh3 {[%emt 0:01:12]} Qh6+ {[%emt 0:00:13]} 33. Kg2 {[%emt 0:00:09]} 1/2-1/2

[Event "WJCC U20 Open 2019"]
[Site "New Delhi"]
[Date "2019.10.24"]
[Round "10.34"]
[White "Sankalp Gupta"]
[Black "Tifferet, Shaked"]
[Result "1-0"]
[WhiteElo "2369"]
[BlackElo "2224"]
[Annotator "NA"]
[PlyCount "83"]
[EventDate "2019.10.15"]
[EventType "swiss"]
[EventCountry "IND"]
[SourceTitle "playchess.com"]
[Source "ChessBase"]
[SourceQuality "1"]
[TimeControl "40/5400+30:1800+30"]

1. c4 {[%emt 0:03:20]} Nf6 {[%emt 0:00:00]} 2. Nc3 {[%emt 0:00:12]} g6 {[%emt 0:00:51]} 3. e4 {[%emt 0:01:22]} d6 {[%emt 0:00:07]} 4. d4 {[%emt 0:00:29]} Bg7 {[%emt 0:00:04]} 5. Nf3 {[%emt 0:00:06]} O-O {[%emt 0:00:06]} 6. h3 {[%emt 0:00:16]} e5 {[%emt 0:03:51]} 7. d5 {[%emt 0:00:10]} Nbd7 {[%emt 0:02:58]} 8. Be3 {[%emt 0:05:44]} Nc5 {[%emt 0:07:27]} 9. Nd2 {[%emt 0:01:28]} a5 {[%emt 0:02:52]} 10. Be2 {[%emt 0:06:18]} c6 {[%emt 0:00:49]} 11. Qc2 {[%emt 0:04:18]} a4 {[%emt 0:08:38]} 12. dxc6 {[%emt 0:02:00]} bxc6 {[%emt 0:00:31]} 13. Bxc5 {[%emt 0:00:19]} dxc5 {[%emt 0:00:06]} 14. Nxa4 {[%emt 0:00:10]} Qa5 {[%emt 0:13:43]} 15. Nc3 {[%emt 0:00:33]} Ne8 {[%emt 0:01:29]} 16. O-O {[%emt 0:10:38]} Nc7 {[%emt 0:00:27]} 17. Nb3 {[%emt 0:07:14]} Qa7 {[%emt 0:04:48]} 18. Nb1 {[%emt 0:05:44]} h5 {[%emt 0:13:40]} 19. N1d2 {[%emt 0:02:57]} Ne6 {[%emt 0:00:25]} 20. Rfd1 {[%emt 0:00:31]} f5 {[%emt 0:05:08]} 21. Nf3 {[%emt 0:11:08]} Nf4 {[%emt 0:08:02]} 22. Bf1 {[%emt 0:04:28]} Qe7 {[%emt 0:04:37]} 23. Re1 {[%emt 0:01:12]} g5 {[%emt 0:05:06]} 24. Nfd2 {[%emt 0:07:17]} g4 {[%emt 0:01:19]} 25. Qc3 {[%emt 0:03:29]} Nxh3+ {[%emt 0:07:28]} 26. gxh3 {[%emt 0:03:07]} f4 {[%emt 0:00:05]} 27. f3 {[%emt 0:05:05]} gxh3 {[%emt 0:06:44]} 28. Kh1 {[%emt 0:07:07]} Rf6 {[%emt 0:00:08]} 29. Qd3 {[%emt 0:01:24]} Rg6 {[%emt 0:00:17]} 30. Qe2 {[%emt 0:00:04]} Bf6 {[%emt 0:02:37]} 31. Qf2 {[%emt 0:02:40]} Qg7 {[%emt 0:00:35]} 32. Re2 {[%emt 0:04:03]} Kh8 {[%emt 0:00:29]} 33. Qxc5 {[%emt 0:00:41]} Bd7 {[%emt 0:00:21]} 34. Rh2 {[%emt 0:00:16]} Rg3 {[%emt 0:00:28]} 35. Nc1 {[%emt 0:00:34]} Rg8 {[%emt 0:00:21]} 36. Ne2 {[%emt 0:00:01]} Bh4 {[%emt 0:00:44]} 37. a4 {[%emt 0:00:52]} Bg4 {[%emt 0:00:34]} 38. fxg4 {[%emt 0:00:53]} Qxg4 {[%emt 0:00:31]} 39. Qxe5+ {[%emt 0:00:45]} Rg7 {[%emt 0:00:05]} 40. Nxg3 {[%emt 0:00:31]} Qxg3 {[%emt 0:00:55]} 41. Qxh5+ {[%emt 0:01:22]} Kg8 {[%emt 0:04:33]} 42. Bxh3 {[%emt 0:00:20]} 1-0

[Event "WJCC U20 Open 2019"]
[Site "New Delhi"]
[Date "2019.10.24"]
[Round "10.35"]
[White "Rakesh Kumar Jena"]
[Black "Maltezeanu, Stefan"]
[Result "1/2-1/2"]
[WhiteElo "2355"]
[BlackElo "2102"]
[Annotator "NA"]
[PlyCount "99"]
[EventDate "2019.10.15"]
[EventType "swiss"]
[EventCountry "IND"]
[SourceTitle "playchess.com"]
[Source "ChessBase"]
[SourceQuality "1"]
[TimeControl "40/5400+30:1800+30"]

1. Nf3 d5 2. g3 Nf6 3. Bg2 c6 4. O-O Bg4 5. h3 Bh5 6. d4 e6 7. c4 Nbd7 8. Nc3 Be7 9. Ne5 O-O 10. g4 Bg6 11. Nxg6 hxg6 12. cxd5 exd5 13. f4 Qb6 14. e3 Bb4 15. g5 Bxc3 16. bxc3 Ne4 17. Bxe4 dxe4 18. Qg4 f5 19. gxf6 Nxf6 20. Qxg6 Qa6 21. Rf2 Qd3 22. Bd2 Rae8 23. f5 Rf7 24. Kh1 Ree7 25. Rg1 Kf8 26. Qg3 a6 27. Qb8+ Re8 28. Qd6+ Kg8 29. Rg3 Qb1+ 30. Kh2 Qxa2 31. Rfg2 Qd5 32. Qb4 Qxf5 33. c4 b5 34. Bc3 Ree7 35. d5 cxd5 36. cxb5 axb5 37. Qxb5 Rb7 38. Qc6 Qd7 39. Qxd7 Rbxd7 40. Bd4 Ne8 41. Rg5 Nc7 42. Rg6 Nb5 43. Be5 Na3 44. R6g5 Nc4 45. Bd4 Na5 46. Rc2 Nb3 47. Be5 Rfe7 48. h4 Re8 49. Rcg2 Ree7 50. Rc2 1/2-1/2

[Event "WJCC U20 Open 2019"]
[Site "New Delhi"]
[Date "2019.10.24"]
[Round "10.36"]
[White "Risting, Eivind Olav"]
[Black "Eugene, Floryan"]
[Result "1-0"]
[WhiteElo "2289"]
[BlackElo "2346"]
[Annotator "NA RC"]
[PlyCount "136"]
[EventDate "2019.10.15"]
[EventType "swiss"]
[EventCountry "IND"]
[SourceTitle "playchess.com"]
[Source "ChessBase"]
[SourceQuality "1"]
[TimeControl "40/5400+30:1800+30"]

1. d4 {[%emt 0:00:00]} Nf6 {[%emt 0:00:00]} 2. c4 {[%emt 0:00:00]} g6 {[%emt 0:00:00]} 3. Nc3 {[%emt 0:00:00]} Bg7 {[%emt 0:00:00]} 4. e4 {[%emt 0:00:05]} d6 {[%emt 0:00:00]} 5. h3 {[%emt 0:00:24]} O-O {[%emt 0:02:28]} 6. Be3 {[%emt 0:00:07]} e5 {[%emt 0:03:21]} 7. d5 {[%emt 0:00:19]} Na6 {[%emt 0:00:18]} 8. g4 {[%emt 0:02:05] E71: King's Indian: 4 e4 d6 5 h3} Nc5 {[%emt 0:07:06]} 9. f3 {[%emt 0:01:48]} a5 {[%emt 0:00:24]} (9... c6 10. Qd2 cxd5 11. cxd5 Bd7 12. Nge2 h5 13. Nc1 Rc8 14. Nb3 Nxb3 15. axb3 {0-1 (64) Grandelius,N (2691)-McShane,L (2688) Eskilstuna 2019}) 10. Qd2 $146 {[%emt 0:02:30]} ({Predecessor:} 10. h4 c6 11. Qd2 cxd5 12. cxd5 Bd7 13. h5 a4 14. Nge2 Qa5 {0-1 (54) Almeida Quintana,O (2550)-Garcia Pantoja,R (2514) Santa Clara 2019}) 10... a4 {[%emt 0:18:16]} 11. Nge2 {[%emt 0:02:35]} c6 {[%emt 0:02:28]} 12. Ng3 {[%emt 0:01:31]} cxd5 {[%emt 0:04:13]} 13. cxd5 {[%emt 0:01:36]} Bd7 {[%emt 0:03:34]} 14. h4 {[%emt 0:02:32]} Qa5 {[%emt 0:00:59]} 15. h5 {[%emt 0:01:38]} Rfc8 {[%emt 0:08:28]} 16. hxg6 {[%emt 0:05:35]} fxg6 {[%emt 0:02:29]} 17. g5 {[%emt 0:08:47]} Ne8 {[%emt 0:01:50]} 18. Qh2 {[%emt 0:09:32]} a3 {[%emt 0:00:31]} 19. Qxh7+ {[%emt 0:05:31]} Kf7 $16 {[%emt 0:00:43]} 20. Bd2 {[%emt 0:25:19]} axb2 {[%emt 0:00:24]} 21. Rb1 {[%emt 0:01:33]} Na4 {[%emt 0:02:09]} 22. Nd1 {[%emt 0:07:08]} Qc5 {[%emt 0:00:56]} 23. Rh6 {[%emt 0:02:32]} Qc2 {[%emt 0:07:01]} 24. Rxg6 {[%emt 0:01:46]} Ke7 {[%emt 0:03:19]} 25. Rxg7+ {[%emt 0:05:57]} Nxg7 {[%emt 0:00:04]} 26. Qxg7+ {[%emt 0:04:58]} Kd8 {[%emt 0:00:06]} 27. Bb4 {[%emt 0:03:08]} Kc7 {[%emt 0:04:09]} 28. Bb5 {[%emt 0:01:20]} Rd8 {[%emt 0:04:03]} 29. Bxa4 {[%emt 0:01:26]} Qxb1 {[%emt 0:00:16]} 30. Bxd6+ {[%emt 0:01:36]} Kxd6 {[%emt 0:07:00]} 31. Qf6+ {[%emt 0:00:51]} Kc5 {[%emt 0:00:13]} 32. Qe7+ {[%emt 0:00:28]} Kc4 {[%emt 0:00:27]} 33. Bb3+ {[%emt 0:00:24]} Kb5 {[%emt 0:00:06]} 34. a4+ {[%emt 0:00:32]} Kb6 {[%emt 0:04:08]} 35. Qb4+ {[%emt 0:01:20]} Kc7 {[%emt 0:00:12]} 36. Qc3+ {[%emt 0:00:31]} Kb8 {[%emt 0:00:58]} 37. Qxe5+ {[%emt 0:00:07]} Ka7 {[%emt 0:00:05]} 38. Qd4+ {[%emt 0:00:43]} b6 {[%emt 0:00:19]} 39. Qxb2 {[%emt 0:00:41]} Qxb2 {[%emt 0:01:40]} 40. Nxb2 {[%emt 0:00:01]} Rh8 {[%emt 0:00:31]} 41. Nd3 {[%emt 0:07:51]} Rh2 {[%emt 0:06:03]} 42. Ne5 {[%emt 0:02:21]} Be8 {[%emt 0:00:17]} 43. d6 {[%emt 0:08:35]} Rb2 {[%emt 0:05:05]} 44. Bd1 {[%emt 0:06:45]} Rg2 {[%emt 0:00:16]} 45. Nf5 {[%emt 0:00:38]} Rxg5 {[%emt 0:01:20]} 46. f4 {[%emt 0:01:45]} Rg2 {[%emt 0:07:58]} 47. Bf3 {[%emt 0:00:48]} Ra2 {[%emt 0:00:04]} 48. d7 {[%emt 0:00:36]} Bxd7 {[%emt 0:00:05]} 49. Nxd7 {[%emt 0:00:10]} Rg8 {[%emt 0:00:10]} 50. Be2 {[%emt 0:01:20]} Rg2 {[%emt 0:01:47]} 51. Nd4 {[%emt 0:00:57]} Rxa4 {[%emt 0:00:37]} 52. Ne5 {[%emt 0:00:16]} Kb7 {[%emt 0:01:00]} 53. Nef3 {[%emt 0:00:26]} Ra1+ {[%emt 0:01:44]} 54. Kd2 {[%emt 0:00:27]} b5 {[%emt 0:00:24]} 55. e5 {[%emt 0:01:28]} b4 {[%emt 0:00:35]} 56. e6 {[%emt 0:01:06]} Kc7 {[%emt 0:01:55]} 57. f5 {[%emt 0:01:24]} Kd6 {[%emt 0:01:48]} 58. Ke3 {[%emt 0:00:49]} Ke7 {[%emt 0:04:18]} 59. Bc4 {[%emt 0:00:46]} Rg4 {[%emt 0:00:48]} 60. Ne5 {[%emt 0:01:46]} Ra3+ {[%emt 0:00:31]} 61. Bd3 {[%emt 0:00:21]} Rg8 {[%emt 0:03:59]} 62. Ke4 {[%emt 0:00:39]} b3 {[%emt 0:00:19]} 63. Nd7 {[%emt 0:00:35]} Rg4+ {[%emt 0:01:22]} 64. Ke5 {[%emt 0:00:42]} Ra5+ {[%emt 0:03:16]} 65. Bb5 {[%emt 0:00:23]} Rxd4 {[%emt 0:00:53]} 66. f6+ {[%emt 0:00:08]} Kd8 {[%emt 0:00:04]} 67. e7+ {[%emt 0:00:20]} Ke8 {[%emt 0:00:12]} 68. Ke6 {[%emt 0:00:42]} Rd6+ 1-0

[Event "WJCC U20 Open 2019"]
[Site "New Delhi"]
[Date "2019.10.24"]
[Round "10.37"]
[White "O`Donnell, Conor"]
[Black "Vatsal Singhania"]
[Result "0-1"]
[WhiteElo "2345"]
[BlackElo "2157"]
[Annotator "TA"]
[PlyCount "36"]
[EventDate "2019.10.15"]
[EventType "swiss"]
[EventCountry "IND"]
[SourceTitle "playchess.com"]
[Source "ChessBase"]
[SourceQuality "1"]

{[%evp 17,60,0,5,4,0,-2,0,0,0,0,0,-54,-13,-20,-18,-35,-3,-23,-29,-44,-42,-61,-57,-105,-108,-108,-107,-110,-118,-101,-103,-131,-109,-134,-110,-205,-128,-124,-110,-159,-147,-454,-449,-954,-813]} 1. Nf3 Nf6 2. c4 e6 3. g3 d5 4. Bg2 Be7 5. O-O O-O 6. b3 c5 7. Bb2 Nc6 8. e3 b6 9. Nc3 Ba6 10. Qe2 {A14: English Opening: 1...e6 with b3 by White} Rc8 11. Rfd1 (11. d3 Qd7 12. Rfd1 Rfd8 13. a3 h6 14. Rab1 Bb7 15. cxd5 Nxd5 16. Nxd5 Qxd5 17. Bc3 a5 18. Qb2 Bf8 19. d4 {½-½ (19) Fier,A (2551)-Kryvoruchko,Y (2680) Sharjah 2019}) 11... d4 12. exd4 {The position is equal.} cxd4 13. Nb5 {[%cal Rb5d4]} d3 14. Qf1 (14. Qe3 $11) 14... Qd7 $146 ({Predecessor:} 14... Bc5 15. Ne1 Bxb5 16. cxb5 Nb4 17. Bf3 Bd4 {1-0 (40) Botvinnik,M-Van Scheltinga,T Amsterdam 1966}) 15. Rac1 Rfd8 16. Ne1 Nb4 $36 {[%mdl 2048] Black has some pressure.} 17. a3 Nc6 {[%cal Bb4c6,Bc6a5,Ba5b3][%mdl 32]} 18. h3 Bb7 {Played: Nc6-a5} 0-1

[Event "WJCC U20 Open 2019"]
[Site "New Delhi"]
[Date "2019.10.24"]
[Round "10.38"]
[White "Flores Quillas, Diego Saul Rodri"]
[Black "Neelash Saha"]
[Result "0-1"]
[WhiteElo "2164"]
[BlackElo "2334"]
[Annotator "TA"]
[PlyCount "84"]
[EventDate "2019.10.15"]
[EventType "swiss"]
[EventCountry "IND"]
[SourceTitle "playchess.com"]
[Source "ChessBase"]
[SourceQuality "1"]

{[%evp 21,84,18,18,-3,0,0,9,-6,9,-45,20,-60,13,16,22,8,16,4,15,0,15,-126,-133,-126,-119,-338,-342,-402,-395,-330,0,0,0,0,0,0,194,-276,-272,-712,-710,-645,-697,-680,-667,-1482,-812,-739,-703,-730,-697,-829,-822,-798,-771,-984,-965,-933,-939,-936,-850,-1389,-1384,-29994,-29995]} 1. e4 c6 2. d4 d5 3. Nc3 dxe4 4. Nxe4 Nf6 5. Nxf6+ exf6 6. c3 Bd6 7. Bd3 O-O 8. Qc2 h6 9. Ne2 Qc7 10. Be3 Re8 11. O-O-O Nd7 12. Qd2 {B15: Caro-Kann: 3 Nc3: 3...g6 and 3...dxe4 4 Nxe4 Nf6 5 Nxf6+ exf6} (12. Ng3 b5 13. Rhe1 Nb6 14. Bxh6 Bg4 15. f3 gxh6 16. fxg4 Bxg3 17. hxg3 Qxg3 18. Qd2 Kg7 19. Rxe8 Rxe8 {1-0 (41) Guliyev,N (2551)-Bergez,L (2308) Paris 2019}) 12... Nb6 $146 ({Predecessor:} 12... Nf8 13. Ng3 Ng6 14. Kb1 Be6 15. c4 Rad8 16. Rc1 c5 17. d5 Bd7 {1-0 (59) Sheykhhasani,B (2305)-Aliev,R (2261) Nakhchivan 2015}) 13. c4 c5 $1 14. d5 {The position is equal.} a6 15. Rde1 (15. Rhe1 $11) 15... Bd7 (15... Nd7 $15) 16. f3 ({White should try} 16. b3 $11) 16... f5 (16... Bf5 $1 $15 17. b3 (17. Bxf5 $2 Nxc4 {[%mdl 64] Double Attack} 18. Qd3 Nxe3 $19) 17... Bxd3 18. Qxd3 Nd7) 17. g3 $11 Nc8 18. Nf4 Qd8 19. g4 b5 20. gxf5 {Strongly threatening Rhg1.} ({Not} 20. Bxf5 $2 Bxf5 21. gxf5 Nb6 $19) 20... bxc4 21. Be4 (21. Bc2 $11 {keeps the balance.}) 21... Rb8 $17 {aiming for ...c3!} 22. Rhg1 Be5 23. Nh5 $2 (23. Rxg7+ $17 Kxg7 24. Nh5+ {[%mdl 64] Discovered Attack} Kh8 25. Bd4 $1 {[%mdl 512]}) 23... Rxb2 $19 24. Qxb2 Bxb2+ 25. Kxb2 {[#]} Qh4 $2 (25... g6 $1 $19 26. Bf2 (26. fxg6 $2 f5 $19) 26... Nb6) 26. Nxg7 $11 Qxh2+ 27. Kb1 {[#]} Rxe4 $1 {[%mdl 512]} 28. fxe4 c3 $2 (28... Kh8 $11 29. Bxh6 Qb8+ 30. Kc1 Qe5) 29. Bc1 $4 {[%mdl 8192]} (29. Ne6+ $1 $18 {was the only winning move.} Kh8 30. Bc1 fxe6 31. Rg6) 29... Kf8 $1 $19 30. e5 $2 {[#]} (30. Rh1 Qf2 31. f6) 30... Bb5 $1 {[%cal Rb5c4] White must now prevent ...Bc4!} 31. Rg4 h5 32. Nxh5 Qxh5 33. Rg5 Qh2 {( -> ...Bc4!)} 34. Reg1 Bd3+ 35. Ka1 Ke7 36. f6+ {[#]} Kd8 $1 37. e6 Nd6 38. R1g2 {[#]} Qh1 $1 {[%cal Rh1c1]} 39. Rg1 Qf3 40. Rg8+ Kc7 41. e7 Bc4 42. Rd8 {[#]} Qf2 $1 {Accuracy: White = 27%, Black = 63%.} 0-1

[Event "WJCC U20 Open 2019"]
[Site "New Delhi"]
[Date "2019.10.24"]
[Round "10.39"]
[White "Amartuvshin, Ganzorig"]
[Black "Jablonicky, Martin"]
[Result "1-0"]
[WhiteElo "2391"]
[BlackElo "2333"]
[Annotator "NA RC"]
[PlyCount "85"]
[EventDate "2019.10.15"]
[EventType "swiss"]
[EventCountry "IND"]
[SourceTitle "playchess.com"]
[Source "ChessBase"]
[SourceQuality "1"]
[TimeControl "40/5400+30:1800+30"]

1. d4 {[%emt 0:00:00]} Nf6 {[%emt 0:00:29]} 2. c4 {[%emt 0:00:00]} g6 {[%emt 0:00:24]} 3. Nc3 {[%emt 0:00:00]} Bg7 {[%emt 0:00:04]} 4. e4 {[%emt 0:00:00]} d6 {[%emt 0:00:04]} 5. Be2 {[%emt 0:00:00]} O-O {[%emt 0:00:05]} 6. Nf3 {[%emt 0:00:00]} e5 {[%emt 0:00:04]} 7. O-O {[%emt 0:00:56]} Nbd7 {[%emt 0:00:44]} 8. Be3 {[%emt 0:00:07]} Ng4 {[%emt 0:00:08]} 9. Bg5 {[%emt 0:00:06]} f6 {[%emt 0:00:04]} 10. Bh4 {[%emt 0:00:24]} Nh6 {[%emt 0:00:11]} 11. Rc1 {[%emt 0:06:53]} Nf7 {[%emt 0:01:56]} 12. b4 {[%emt 0:03:27]} h5 {[%emt 0:00:29]} 13. Bg3 {[%emt 0:00:43]} Ng5 {[%emt 0:01:27]} 14. Nh4 {[%emt 0:02:26]} exd4 {[%emt 0:04:47]} 15. Nd5 {[%emt 0:00:53]} Kh7 {[%emt 0:13:33]} 16. Bd3 {[%emt 0:01:30]} Ne5 {[%emt 0:02:16]} 17. f4 {[%emt 0:07:12]} Bg4 {[%emt 0:05:13]} 18. Qd2 {[%emt 0:00:25]} c6 {[%emt 0:04:19]} 19. h3 {[%emt 0:16:01]} cxd5 {[%emt 0:03:45]} 20. exd5 {[%emt 0:00:55]} Nxd3 {[%emt 0:20:33]} 21. Qxd3 {[%emt 0:00:11]} Ne4 {[%emt 0:00:33]} 22. hxg4 {[%emt 0:05:50]} f5 {[%emt 0:01:20]} 23. gxf5 {[%emt 0:00:08]} gxf5 {[%emt 0:00:05]} 24. Nxf5 {[%emt 0:00:15]} Rxf5 {[%emt 0:00:04]} 25. Qxe4 {[%emt 0:00:08]} Qf6 {[%emt 0:00:04]} 26. Rce1 {[%emt 0:00:59]} Qg6 {[%emt 0:00:39]} 27. Qd3 {[%emt 0:02:45]} Rg8 {[%emt 0:03:39]} 28. Re6 {[%emt 0:04:33]} Bf6 {[%emt 0:00:04]} 29. Rf2 {[%emt 0:00:10]} Kh8 {[%emt 0:05:36]} 30. Bh4 {[%emt 0:01:04]} Rf8 {[%emt 0:00:26]} 31. Bxf6+ {[%emt 0:00:42]} R8xf6 {[%emt 0:00:39]} 32. Qxd4 {[%emt 0:00:06]} Kh7 {[%emt 0:01:12]} 33. Re7+ {[%emt 0:00:34]} Rf7 {[%emt 0:00:09]} 34. Rxf7+ {[%emt 0:00:30]} Rxf7 {[%emt 0:00:07]} 35. f5 {[%emt 0:00:13]} Qg5 {[%emt 0:03:05]} 36. f6 {[%emt 0:00:45]} b6 {[%emt 0:01:34]} 37. Qe4+ {[%emt 0:01:15]} Qg6 {[%emt 0:00:50]} 38. Qf4 {[%emt 0:00:17]} Qb1+ {[%emt 0:00:42]} 39. Kh2 {[%emt 0:01:10]} Qxb4 {[%emt 0:01:08]} 40. Qf5+ {[%emt 0:00:29]} Kh6 {[%emt 0:01:24]} 41. Qe6 {[%emt 0:30:16]} Kg6 {[%emt 0:30:33]} 42. Qe4+ {[%emt 0:00:17]} Kh6 {[%emt 0:00:12]} 43. Qe8 {[%emt 0:00:07]} 1-0

[Event "WJCC U20 Open 2019"]
[Site "New Delhi"]
[Date "2019.10.24"]
[Round "10.40"]
[White "Papadiamandis, Elliot"]
[Black "Kukelko, Alexey"]
[Result "1/2-1/2"]
[WhiteElo "2190"]
[BlackElo "2342"]
[Annotator "NA RC"]
[PlyCount "67"]
[EventDate "2019.10.15"]
[EventType "swiss"]
[EventCountry "IND"]
[SourceTitle "playchess.com"]
[Source "ChessBase"]
[SourceQuality "1"]
[TimeControl "40/5400+30:1800+30"]

1. e4 {[%emt 0:00:00]} c5 {[%emt 0:00:00]} 2. Nf3 {[%emt 0:00:00]} e6 {[%emt 0:00:00]} 3. d4 {[%emt 0:00:00]} cxd4 {[%emt 0:00:00]} 4. Nxd4 {[%emt 0:00:00]} Qb6 {[%emt 0:00:00]} 5. Nb3 {[%emt 0:01:23]} Nc6 {[%emt 0:00:43]} 6. Be3 {[%emt 0:00:46]} Qc7 {[%emt 0:00:10]} 7. Nc3 {[%emt 0:03:40]} Nf6 {[%emt 0:00:44]} 8. a3 {[%emt 0:00:58]} a6 {[%emt 0:00:35]} 9. Be2 {[%emt 0:00:27]} b5 {[%emt 0:00:14]} 10. O-O {[%emt 0:00:44]} d6 {[%emt 0:00:13] B33: Sicilian: Pelikan and Sveshnikov Variations} (10... Ne5 11. f4 Nc4 12. Bxc4 bxc4 13. e5 cxb3 14. exf6 Bb7 15. fxg7 Bxg7 16. cxb3 Bxc3 17. bxc3 Rg8 18. Ra2 Qxc3 {0-1 (43) Yu,K (2375)-Naiditsch,A (2698) Jiangmen 2018}) 11. f4 {[%emt 0:01:29]} Be7 {[%emt 0:00:38]} 12. Bf3 {[%emt 0:01:06]} Bb7 {[%emt 0:00:12]} 13. Qd2 {[%emt 0:01:37]} O-O {[%emt 0:00:17]} 14. Rad1 {[%emt 0:02:49]} Rac8 {[%emt 0:02:52]} 15. Qf2 {[%emt 0:02:21]} Nd7 {[%emt 0:01:42]} 16. Rd2 {[%emt 0:06:17]} Rfe8 $146 {[%emt 0:13:26]} ({Predecessor:} 16... Ba8 17. Rfd1 Rfd8 18. g4 Rb8 19. g5 Nb6 20. Re2 Nc4 21. Bc1 {0-1 (62) Basener,W (2210)-Terekhov,A (2318) Munich 2007}) 17. g4 {[%emt 0:05:51]} Na5 {[%emt 0:23:38]} 18. Nxa5 {[%emt 0:03:50]} Qxa5 {[%emt 0:00:04]} 19. g5 {[%emt 0:15:41]} b4 {[%emt 0:05:47]} 20. axb4 $11 {[%emt 0:09:54]} Qxb4 {[%emt 0:00:03]} 21. Nd1 {[%emt 0:01:23]} Nc5 {[%emt 0:10:53]} 22. Rd4 {[%emt 0:05:36]} Qb5 {[%emt 0:00:18]} 23. b4 {[%emt 0:00:38]} Nd7 {[%emt 0:03:40]} 24. Be2 {[%emt 0:02:11]} Qa4 {[%emt 0:02:16]} 25. c3 {[%emt 0:03:03]} e5 {[%emt 0:01:46]} 26. fxe5 {[%emt 0:00:43]} Nxe5 {[%emt 0:00:21]} 27. Bf4 {[%emt 0:08:22]} Rf8 {[%emt 0:11:23]} 28. Qg3 {[%emt 0:01:30]} Qa2 {[%emt 0:02:39]} 29. Rf2 {[%emt 0:01:21]} Qe6 {[%emt 0:09:05]} 30. Bxe5 {[%emt 0:00:51]} dxe5 {[%emt 0:00:03]} 31. Bg4 {[%emt 0:00:19]} Qb6 {[%emt 0:01:42]} 32. Qxe5 {[%emt 0:02:20]} Rce8 {[%emt 0:00:38]} 33. Qg3 {[%emt 0:10:01]} Rd8 {[%emt 0:04:36]} 34. Qe5 {[%emt 0:02:29]} 1/2-1/2